书目信息 |
| 题名: |
教育电视系统
|
|
| 作者: | 杨圭南 编著 | |
| 分册: | ||
| 出版信息: | 北京 高等教育出版社 1991.5 |
|
| 页数: | 319页 | |
| 开本: | 20cm | |
| 丛书名: | ||
| 单 册: | ||
| 中图分类: | G432 | |
| 科图分类: | 38.1638 | |
| 主题词: | 广播电视教育--高等学校--教材 | |
| 电子资源: | ||
| ISBN: | 7-04-003312-7 | |
| 000 | 00785nam0 2200253 45 | |
| 001 | 0191027590 | |
| 005 | 20070730141242.96 | |
| 010 | @a7-04-003312-7@dCNY9.90 | |
| 100 | @a19911115d1991 em y0chiy0121 ea | |
| 101 | 0 | @achi |
| 102 | @aCN@b110000 | |
| 105 | @ay z 000yy | |
| 200 | 10 | @a教育电视系统@AJIAO YU DIAN SHI XI TONG@f杨圭南编著@FYANG GUI NAN BIAN ZHU |
| 210 | @a北京@c高等教育出版社@d1991.5@h1996 | |
| 215 | @a319页@d20cm | |
| 300 | @a高等学校教材 | |
| 330 | @a本书系统地介绍了教育电视系统中的主要设备的基本原理、系统工作过程和配置要求。 | |
| 540 | 1 | @a教育 电视@AJIAO YU DIAN SHI |
| 606 | @a广播电视教育@x高等学校@x教材 | |
| 690 | @aG432 | |
| 692 | @a38.1638 | |
| 701 | 0 | @a杨圭南@AYANG GUI NAN@4编著 |
| 801 | 0 | @aCN@bTSSF@c20070730 |
| 905 | @a10447@dG432@e88 | |
| 教育电视系统/杨圭南编著.-北京:高等教育出版社,1991.5(1996) |
| 319页;20cm |
| 高等学校教材 |
| ISBN 7-04-003312-7:CNY9.90 |
| 本书系统地介绍了教育电视系统中的主要设备的基本原理、系统工作过程和配置要求。 |
| ● |
| 相关链接 |
|
|
|
|
正题名:教育电视系统
索取号:G432/88
 
预约/预借
| 序号 | 登录号 | 条形码 | 馆藏地/架位号 | 状态 | 备注 |
| 1 | 0770288 | 207702887 | 密集书库/ [索取号:G432/88] | 在馆 | |
| 2 | 0770289 | 207702896 | 密集书库/ [索取号:G432/88] | 在馆 | |
| 3 | 0770290 | 207702903 | 第一样本阅览室/ [索取号:G432/88] | 在馆 |